000 00696nam a2200253Ia 4500
003 OSt
005 20221006144803.0
006 a|||||r|||| 00| 0
007 ta
008 221006b |||||||| |||| 00| 0 kor d
024 _a12,724
037 _bGift, Korea Foundation
_cTextual
040 _aEASL
_cEASL
_bkor
041 _2kor
_akor
082 _aNR495, 495P1
100 _aSIN Dae-Cheol Au.
_9652868
245 0 _aUri umak, geu matgoa sorikkal
260 _aSeoul
_bMinsokwon Korea
_c2001
300 _a349p.
_ccm.
490 _v KL
650 _aArts
942 _hNR495, 495P1
_cTEXL
_2CC
999 _c1080810
_d1080810